[Event "SR 1. liga zapad 2011/2012"]
[Site "?"]
[Date "2012.03.04"]
[Round "11.4"]
[White "Kaniansky, Miroslav"]
[Black "Borik, Juraj"]
[Result "0-1"]
[WhiteElo "2199"]
[BlackElo "2198"]
[PlyCount "58"]
[EventDate "2011.??.??"]

1. d4 b5 2. e4 a6 3. Nf3 e6 4. Bd3 Be7 5. O-O Nf6 6. e5 Nd5 7. a4 b4 8. c4 bxc3
9. bxc3 d6 10. Qc2 h6 11. Re1 Nc6 12. Nbd2 dxe5 13. Nxe5 Nxe5 14. dxe5 Rb8 15.
Ne4 c5 16. Rb1 Rxb1 17. Qxb1 Qc7 18. Ba3 O-O 19. c4 Nf4 20. Nd6 Bxd6 21. exd6
Qxd6 22. Bh7+ Kh8 23. Be4 f5 24. Rd1 Ne2+ 25. Kf1 Nd4 26. Bc2 e5 27. a5 Qe6 28.
Bd3 Qc6 29. Qb6 Qa4 0-1

[Event "SR 1. liga zapad 2011/2012"]
[Site "?"]
[Date "2012.03.04"]
[Round "11.4"]
[White "Lakatos, Vladimir"]
[Black "Podoba, Milan"]
[Result "1/2-1/2"]
[WhiteElo "2176"]
[BlackElo "2157"]
[PlyCount "29"]
[EventDate "2011.??.??"]

1. c4 e6 2. Nc3 d5 3. d4 c6 4. Nf3 Nf6 5. e3 Nbd7 6. Qc2 Bd6 7. Be2 dxc4 8.
Bxc4 O-O 9. O-O e5 10. h3 exd4 11. Nxd4 Ne5 12. Be2 Qe7 13. Nf5 Bxf5 14. Qxf5
Ng6 15. Bd2 1/2-1/2

[Event "SR 1. liga zapad 2011/2012"]
[Site "?"]
[Date "2012.03.04"]
[Round "11.4"]
[White "Pupak, Tomas"]
[Black "Gazikova, Veronika"]
[Result "1/2-1/2"]
[WhiteElo "1968"]
[BlackElo "1897"]
[PlyCount "42"]
[EventDate "2011.??.??"]

1. Nf3 Nf6 2. d4 g6 3. Nc3 Bg7 4. e4 d6 5. Be3 O-O 6. Qd2 Bg4 7. Be2 Nbd7 8. h3
Bxf3 9. Bxf3 e5 10. O-O-O a5 11. h4 a4 12. h5 a3 13. b3 exd4 14. Bxd4 Qe7 15.
Nd5 Nxd5 16. Bxg7 Kxg7 17. exd5 Qf6 18. Qd4 Rfe8 19. Qxf6+ Nxf6 20. hxg6 hxg6
21. Rde1 Nd7 1/2-1/2

[Event "SR 1. liga zapad 2011/2012"]
[Site "?"]
[Date "2012.03.04"]
[Round "11.4"]
[White "Rakay, Kvetoslav"]
[Black "Gazik, Viktor"]
[Result "0-1"]
[WhiteElo "2022"]
[BlackElo "1977"]
[PlyCount "174"]
[EventDate "2011.??.??"]

1. d4 Nf6 2. c4 c5 3. Nf3 cxd4 4. Nxd4 g6 5. Nc3 Bg7 6. e4 d6 7. Be2 O-O 8. O-O
Nc6 9. Be3 Bd7 10. Rc1 Rc8 11. b3 a6 12. h3 Qa5 13. Qd2 Nxd4 14. Qxd4 Ng4 15.
Qb6 Bxc3 16. Qxa5 Bxa5 17. hxg4 Bb4 18. a4 a5 19. Rcd1 Bc5 20. Bd4 Be6 21. f4
Bxd4+ 22. Rxd4 Rc5 23. f5 Bd7 24. Bf3 f6 25. Kf2 g5 26. Rh1 Kg7 27. g3 Ra8 28.
Ke3 Ra6 29. Rd2 Ra8 30. Rdh2 Rh8 31. Rd2 Bc6 32. Rhd1 Re5 33. Rh1 b6 34. Rh5
Be8 35. Rh1 Bf7 36. Rhd1 Rc8 37. Ra1 Kf8 38. Rh1 Bg8 39. Rb1 Ke8 40. Rd4 Kd7
41. Kd3 Rec5 42. Ke3 Kc7 43. Kf2 Kb8 44. Ke3 Re5 45. Kf2 Rcc5 46. Rb2 Kb7 47.
Rb1 Rc7 48. Ra1 Kc6 49. Rc1 Kd7 50. Rb1 Rc8 51. Rbd1 Bf7 52. Rh1 Rh8 53. Ke3
Kc6 54. Kd3 Kd7 55. Kc3 Rc5 56. Kb2 Rcc8 57. Re1 Kc7 58. Rh1 Kc6 59. Rhd1 Kc5
60. Kc3 h5 61. gxh5 Bxh5 62. g4 Bf7 63. R4d3 Rh3 64. Rh1 Rch8 65. Rxh3 Rxh3 66.
Bd1 Rh2 67. Bf3 Ra2 68. Rd1 Bxc4 69. Rh1 Rf2 70. Bd1 Ba6 71. Rh7 d5 72. exd5
Be2 73. Bc2 Kd6 74. Rh8 Bxg4 75. Rb8 Kc7 76. Re8 Kd7 77. Rb8 Bxf5 78. Bxf5+
Rxf5 79. Kc4 Kc7 80. Re8 Re5 81. Rg8 Re4+ 82. Kd3 Rb4 83. Kc3 Kd6 84. Rd8+ Ke5
85. Rd7 e6 86. dxe6 Kxe6 87. Rg7 g4 0-1

[Event "SR 1. liga zapad 2011/2012"]
[Site "?"]
[Date "2012.03.04"]
[Round "11.4"]
[White "Veres, Andrej"]
[Black "Hanko, Pavol"]
[Result "0-1"]
[WhiteElo "2174"]
[BlackElo "2138"]
[PlyCount "68"]
[EventDate "2011.??.??"]

1. d4 Nf6 2. Nf3 g6 3. c4 Bg7 4. Nc3 O-O 5. e4 d6 6. Be2 e5 7. dxe5 dxe5 8.
Qxd8 Rxd8 9. Bg5 Re8 10. Nd5 Nxd5 11. cxd5 c6 12. Bc4 b5 13. Bb3 a5 14. a4 Bb7
15. axb5 cxd5 16. exd5 e4 17. Nd2 Bxb2 18. Ra2 Be5 19. O-O Nd7 20. Rd1 Nb6 21.
Nc4 Bxd5 22. Nxb6 Bxb3 23. Nxa8 Bxa2 24. Rd8 Rxd8 25. Bxd8 a4 26. Be7 f5 27.
Nb6 Kf7 28. Ba3 Bb3 29. Nd7 Ke6 30. Nc5+ Kd5 31. b6 Kc6 32. b7 Bb8 33. Kf1 Ba7
34. Ke2 Kc7 0-1

[Event "SR 1. liga zapad 2011/2012"]
[Site "?"]
[Date "2012.03.04"]
[Round "11.5"]
[White "Bagi, Mate"]
[Black "Zetocha, Claudiu"]
[Result "0-1"]
[WhiteElo "2309"]
[BlackElo "2355"]
[PlyCount "76"]
[EventDate "2011.??.??"]

1. e4 c5 2. Nf3 e6 3. d4 cxd4 4. Nxd4 a6 5. Bd3 Nf6 6. O-O d6 7. c4 Be7 8. Nc3
O-O 9. Be3 Nbd7 10. f4 g6 11. Rc1 Re8 12. b4 e5 13. Nc2 exf4 14. Bxf4 Ne5 15.
Ne3 Be6 16. a3 Rc8 17. Ncd5 Bxd5 18. Nxd5 Nxd5 19. exd5 Bg5 20. Qd2 Bxf4 21.
Rxf4 Qg5 22. Rcf1 Nxc4 23. Bxc4 Rxc4 24. h4 Qh6 25. Qf2 Rxf4 26. Qxf4 Qxf4 27.
Rxf4 Re1+ 28. Kf2 Rd1 29. Rc4 Rxd5 30. Rc7 Rb5 31. Rd7 d5 32. g4 a5 33. bxa5
Rxa5 34. Rxb7 Rxa3 35. Rd7 Rd3 36. h5 Kg7 37. hxg6 hxg6 38. g5 Kf8 0-1

[Event "SR 1. liga zapad 2011/2012"]
[Site "?"]
[Date "2012.03.04"]
[Round "11.5"]
[White "Baranek, Jozef"]
[Black "Ac, Michal"]
[Result "0-1"]
[WhiteElo "2152"]
[BlackElo "2174"]
[PlyCount "128"]
[EventDate "2011.??.??"]

1. g3 Nf6 2. Bg2 d5 3. c4 c6 4. Qc2 Bg4 5. Nf3 Nbd7 6. O-O e6 7. d3 Be7 8. Bd2
dxc4 9. dxc4 Bf5 10. Qc1 Ne4 11. Be3 Qc7 12. Rd1 O-O-O 13. Nd4 Bg6 14. f3 Nec5
15. b4 e5 16. Nb3 Ne6 17. a3 f5 18. Nc3 f4 19. Bf2 Bf5 20. e4 Bg6 21. Qb2 Kb8
22. Rac1 Nb6 23. Qe2 Rxd1+ 24. Rxd1 Rd8 25. c5 Nd7 26. Rd3 Nf6 27. Qd1 Rxd3 28.
Qxd3 Bf7 29. Ne2 g5 30. g4 Qd7 31. Nec1 Nc7 32. Bf1 Qe6 33. Nd2 h5 34. h3 hxg4
35. hxg4 a6 36. Be2 Nd7 37. Nc4 Nb5 38. Nb6 Nxb6 39. cxb6 Qd6 40. Bc5 Qxd3 41.
Nxd3 Bxc5+ 42. bxc5 Bc4 43. Nxf4 Nxa3 44. Bxc4 Nxc4 45. Ne2 Nd2 46. Kf2 Nb3 47.
Ke3 Nxc5 48. Nc1 Kc8 49. Kd2 Kd7 50. Kc3 Na4+ 51. Kb4 Nxb6 52. Nd3 Kd6 53. Nf2
c5+ 54. Kc3 Ke6 55. Nh3 Kf6 56. Nf2 Nd7 57. Kc4 Ke6 58. Nh3 b5+ 59. Kb3 Kf6 60.
Nf2 Nf8 61. Nd1 Ne6 62. Ne3 Nd4+ 63. Kc3 Ke6 64. Nd5 Kd6 0-1

[Event "SR 1. liga zapad 2011/2012"]
[Site "?"]
[Date "2012.03.04"]
[Round "11.5"]
[White "Edes, Zsofia"]
[Black "Slapak, Zdenek"]
[Result "1/2-1/2"]
[WhiteElo "1989"]
[BlackElo "2080"]
[PlyCount "86"]
[EventDate "2011.??.??"]

1. d4 f5 2. c4 Nf6 3. Nf3 e6 4. e3 d5 5. b3 c6 6. Bd3 Be7 7. O-O O-O 8. Ba3 Ne4
9. Bxe7 Qxe7 10. a3 Nd7 11. b4 Ndf6 12. Ne5 Bd7 13. f3 Nd6 14. Nc3 b5 15. c5
Nf7 16. Nxf7 Qxf7 17. e4 Kh8 18. e5 Ng8 19. a4 a6 20. axb5 axb5 21. Qd2 Rfb8
22. Ra2 Be8 23. Rfa1 Qb7 24. Ra5 Rxa5 25. Rxa5 Ra8 26. Qa2 Rxa5 27. Qxa5 Qd7
28. Ne2 g5 29. Nc1 Ne7 30. Qa8 Kg7 31. Nb3 Bg6 32. g3 h5 33. Na5 Be8 34. Qb8
Qc8 35. Qa7 Qd7 36. Qb6 Nc8 37. Qb8 Ne7 38. Qd6 Nc8 39. Qb8 Ne7 40. Qb6 Nc8 41.
Qa6 Ne7 42. Nb7 Nc8 43. Na5 Ne7 1/2-1/2

[Event "SR 1. liga zapad 2011/2012"]
[Site "?"]
[Date "2012.03.04"]
[Round "11.5"]
[White "Hudec, Jan"]
[Black "Balogh, Peter"]
[Result "1/2-1/2"]
[WhiteElo "2009"]
[BlackElo "1955"]
[PlyCount "105"]
[EventDate "2011.??.??"]

1. d4 Nf6 2. c4 c5 3. d5 e6 4. Nc3 exd5 5. cxd5 d6 6. Nf3 g6 7. Bf4 a6 8. a4
Bg7 9. e3 Bg4 10. Be2 Bxf3 11. Bxf3 Qe7 12. O-O Nbd7 13. Qb3 Rb8 14. a5 O-O 15.
Na4 Ne5 16. Bxe5 Qxe5 17. Nb6 g5 18. Ra4 Rfd8 19. Nc4 Qe7 20. h3 Nd7 21. Bg4
Ne5 22. Qc2 Nxc4 23. Rxc4 Qe5 24. Bf5 h6 25. b3 b5 26. axb6 Rxb6 27. Qd3 Rdb8
28. f4 gxf4 29. exf4 Qf6 30. Rb1 Rb4 31. Kh1 a5 32. Rxb4 Rxb4 33. Re1 Rb8 34.
Bh7+ Kh8 35. Bf5 Qd4 36. Qf3 Qc3 37. Qd1 Bf6 38. Bc2 Rg8 39. Re2 Bd4 40. Qd3
Qxd3 41. Bxd3 Rb8 42. Bc4 Bf6 43. Ra2 Bd4 44. Kh2 Kg7 45. Kg3 Kf6 46. Kf3 Re8
47. g4 Re1 48. h4 Rh1 49. g5+ Kg7 50. gxh6+ Kxh6 51. Re2 Bf6 52. Ra2 Bd8 53.
Ke4 1/2-1/2

[Event "SR 1. liga zapad 2011/2012"]
[Site "?"]
[Date "2012.03.04"]
[Round "11.5"]
[White "Janko, Zoltan"]
[Black "Privara, Igor"]
[Result "1-0"]
[WhiteElo "2287"]
[BlackElo "2264"]
[PlyCount "71"]
[EventDate "2011.??.??"]

1. e4 c5 2. Nf3 Nc6 3. d4 cxd4 4. Nxd4 g6 5. c4 Nf6 6. Nc3 d6 7. Be2 Nxd4 8.
Qxd4 Bg7 9. Be3 O-O 10. Qd2 a5 11. f3 a4 12. O-O Qa5 13. b4 Qxb4 14. Rab1 Qa5
15. Rb5 Qd8 16. a3 Nd7 17. Rd1 Ra5 18. Rxa5 Qxa5 19. Nd5 Qd8 20. Qb4 e6 21. Nb6
Nxb6 22. Bxb6 Qg5 23. Qxd6 Be5 24. Qc5 Qf6 25. g3 Bc3 26. Qd6 Kg7 27. Bd8 Qe5
28. Qb6 h5 29. Qe3 Bb2 30. f4 Qc3 31. Qxc3+ Bxc3 32. e5 f5 33. Rd3 Kf7 34. Bf6
Bb2 35. Bd1 b6 36. Bxa4 1-0

[Event "SR 1. liga zapad 2011/2012"]
[Site "?"]
[Date "2012.03.04"]
[Round "11.5"]
[White "Kolcak, Marek"]
[Black "Hegedus, Roland"]
[Result "1-0"]
[WhiteElo "2145"]
[BlackElo "2032"]
[PlyCount "63"]
[EventDate "2011.??.??"]

1. e4 c5 2. Nf3 Nc6 3. d4 cxd4 4. Nxd4 Nf6 5. Nc3 e5 6. Ndb5 d6 7. Bg5 a6 8.
Na3 b5 9. Nd5 Be7 10. Bxf6 Bxf6 11. c4 b4 12. Nc2 a5 13. g3 Rb8 14. b3 O-O 15.
Bg2 Bg5 16. O-O Ne7 17. Nxe7+ Qxe7 18. Qd3 Qc7 19. Rad1 Rd8 20. f4 Qc5+ 21. Kh1
Be7 22. Ne3 Be6 23. f5 Bc8 24. f6 Bxf6 25. Nd5 Bg5 26. h4 Bh6 27. Qf3 Be6 28.
Ne7+ Kf8 29. Bh3 Kxe7 30. Bxe6 f6 31. Bd5 Qe3 32. Qf5 1-0

[Event "SR 1. liga zapad 2011/2012"]
[Site "?"]
[Date "2012.03.04"]
[Round "11.5"]
[White "Ruckschloss, Karol"]
[Black "Kukel, Imre 1985"]
[Result "1/2-1/2"]
[WhiteElo "2290"]
[BlackElo "2305"]
[PlyCount "44"]
[EventDate "2011.??.??"]

1. c4 Nf6 2. d4 g6 3. Nc3 d5 4. e3 Bg7 5. Nf3 O-O 6. Qb3 e6 7. Be2 Nc6 8. cxd5
exd5 9. O-O b6 10. Bd2 Bg4 11. h3 Na5 12. Qd1 Bxf3 13. Bxf3 Nc4 14. b3 Nxd2 15.
Qxd2 Re8 16. Qd3 c5 17. Rae1 cxd4 18. exd4 Rc8 19. Rxe8+ Qxe8 20. Nxd5 Nxd5 21.
Bxd5 Qd7 22. Bc4 Bxd4 1/2-1/2

[Event "SR 1. liga zapad 2011/2012"]
[Site "?"]
[Date "2012.03.04"]
[Round "11.6"]
[White "Berek, Geza"]
[Black "Kubala, Jan"]
[Result "1/2-1/2"]
[WhiteElo "2186"]
[BlackElo "2240"]
[PlyCount "45"]
[EventDate "2011.??.??"]

1. e4 e6 2. d4 d5 3. Nd2 Nf6 4. e5 Nfd7 5. Bd3 c5 6. c3 Nc6 7. Ne2 cxd4 8. cxd4
f6 9. exf6 Nxf6 10. Nf3 Bd6 11. O-O Qc7 12. Bg5 O-O 13. Bh4 Qb6 14. b3 Bd7 15.
Bg3 Nb4 16. Bxd6 Qxd6 17. Nc3 Rac8 18. Rc1 Be8 19. Ne5 Bh5 20. Qd2 Nxd3 21.
Qxd3 Qb4 22. f3 Rfd8 23. Rfe1 1/2-1/2

[Event "SR 1. liga zapad 2011/2012"]
[Site "?"]
[Date "2012.03.04"]
[Round "11.6"]
[White "Castiglione, Mario"]
[Black "Cibulka, Vladimir"]
[Result "1-0"]
[WhiteElo "2282"]
[BlackElo "2278"]
[PlyCount "75"]
[EventDate "2011.??.??"]

1. c4 e6 2. Nc3 f5 3. g3 Nf6 4. Bg2 d5 5. d4 c6 6. Qd3 Be7 7. Nf3 O-O 8. O-O
Ne4 9. Ne5 Nd7 10. Bf4 g5 11. Nxd7 Bxd7 12. Be5 Bf6 13. Bxf6 Qxf6 14. Rad1 Rae8
15. Nxe4 fxe4 16. Qb3 Bc8 17. f3 exf3 18. exf3 Kh8 19. Rfe1 Re7 20. Re5 b6 21.
Rde1 Rc7 22. Qe3 h6 23. c5 Rb7 24. cxb6 axb6 25. Rf1 Re7 26. f4 gxf4 27. Rxf4
Qg7 28. Rh4 Rf6 29. Reh5 Kg8 30. Rxh6 Rxh6 31. Rxh6 c5 32. Rh4 cxd4 33. Rxd4
Rc7 34. h3 Rc1+ 35. Kh2 Rc4 36. Rxc4 dxc4 37. Qxb6 Bd7 38. Qd8+ 1-0

[Event "SR 1. liga zapad 2011/2012"]
[Site "?"]
[Date "2012.03.04"]
[Round "11.6"]
[White "Dolnak, Michal"]
[Black "Beres, Lukas"]
[Result "1/2-1/2"]
[WhiteElo "2098"]
[BlackElo "1902"]
[PlyCount "43"]
[EventDate "2011.??.??"]

1. d4 Nf6 2. c4 g6 3. g3 Bg7 4. Bg2 d6 5. Nf3 c6 6. Nc3 Qc7 7. O-O O-O 8. e4 e5
9. h3 Nbd7 10. Be3 Re8 11. d5 Nc5 12. Ne1 a5 13. Rc1 Nfd7 14. Kh2 Nb6 15. b3
Nbd7 16. Qd2 Bf8 17. Qc2 Bg7 18. Qd2 Ra6 19. Rd1 Bf8 20. Qc2 Qd8 21. Nf3 Qc7
22. Ne1 1/2-1/2

[Event "SR 1. liga zapad 2011/2012"]
[Site "?"]
[Date "2012.03.04"]
[Round "11.6"]
[White "Hacik, Radomir"]
[Black "Beres, Dominik"]
[Result "1-0"]
[WhiteElo "2158"]
[BlackElo "2107"]
[PlyCount "65"]
[EventDate "2011.??.??"]

1. e4 d6 2. d4 Nf6 3. Nc3 g6 4. f4 Bg7 5. Nf3 O-O 6. Bd3 c6 7. e5 Ne8 8. O-O
Na6 9. Be3 Nb4 10. Bc4 Nc7 11. Qd2 a5 12. Rad1 b5 13. Be2 Bf5 14. Nh4 Bxc2 15.
Rc1 Bf5 16. Nxf5 gxf5 17. a3 Nba6 18. Bf3 d5 19. Qc2 Qd7 20. Ne2 Nb8 21. Ng3 e6
22. Nh5 f6 23. g4 fxg4 24. exf6 gxf3 25. fxg7 Rf7 26. Rxf3 Ne8 27. Rg3 Nxg7 28.
Kh1 Ra7 29. Rxg7+ Rxg7 30. Nf6+ Kh8 31. Nxd7 Raxd7 32. f5 exf5 33. Bf4 1-0

[Event "SR 1. liga zapad 2011/2012"]
[Site "?"]
[Date "2012.03.04"]
[Round "11.6"]
[White "Kalisky, Vladimir"]
[Black "Havlicek, Libor"]
[Result "1-0"]
[WhiteElo "2234"]
[BlackElo "2304"]
[PlyCount "65"]
[EventDate "2011.??.??"]

1. c4 Nf6 2. Nc3 c5 3. g3 g6 4. Bg2 Bg7 5. e3 O-O 6. Nge2 Nc6 7. O-O d6 8. d4
Bg4 9. h3 Bxe2 10. Nxe2 cxd4 11. Nxd4 Rc8 12. Nxc6 bxc6 13. Qa4 Qb6 14. Rb1 Nd7
15. b4 Ne5 16. Qb3 Qa6 17. b5 cxb5 18. cxb5 Qa5 19. Bb2 Nc4 20. Bxg7 Kxg7 21.
Qb4 Rc5 22. Rfc1 Qxb4 23. Rxb4 Nb6 24. Rbb1 Rfc8 25. Bc6 a6 26. Rxc5 dxc5 27.
Bb7 Rc7 28. bxa6 Nc8 29. Bxc8 Rxc8 30. a7 Ra8 31. Rb7 c4 32. Kf1 c3 33. Ke1 1-0

[Event "SR 1. liga zapad 2011/2012"]
[Site "?"]
[Date "2012.03.04"]
[Round "11.6"]
[White "Peitl, Tomas"]
[Black "Fabian, Jaroslav"]
[Result "0-1"]
[WhiteElo "2214"]
[BlackElo "2192"]
[PlyCount "92"]
[EventDate "2011.??.??"]

1. d4 Nf6 2. c4 g6 3. Nc3 d5 4. cxd5 Nxd5 5. e4 Nxc3 6. bxc3 Bg7 7. Nf3 O-O 8.
Be2 c5 9. O-O cxd4 10. cxd4 Nc6 11. Be3 Bg4 12. d5 Ne5 13. Nd4 Bxe2 14. Qxe2
Qd7 15. h3 Rfc8 16. f4 Nc4 17. Bf2 Qa4 18. Rad1 Na3 19. e5 Rd8 20. Qf3 Nc4 21.
Nb3 Rac8 22. Bh4 Bf8 23. d6 Rd7 24. e6 Rxd6 25. exf7+ Kxf7 26. f5 Kg8 27. Rxd6
Nxd6 28. Qd5+ Kh8 29. Qe5+ Bg7 30. f6 Qxh4 31. fxg7+ Kg8 32. Nc5 Qc4 33. Ne6
Nf7 34. Qe3 Rc6 35. Nd8 Nxd8 36. Rf8+ Kxg7 37. Rxd8 Qc1+ 38. Qxc1 Rxc1+ 39. Kh2
Kf6 40. Rf8+ Ke6 41. Rf2 Rd1 42. Kg3 b5 43. Kf4 Rd5 44. Ke4 a5 45. Rc2 Kd6 46.
Rc8 Rc5 0-1

[Event "SR 1. liga zapad 2011/2012"]
[Site "?"]
[Date "2012.03.04"]
[Round "11.6"]
[White "Siroky, Jan"]
[Black "Sosovicka, Juraj"]
[Result "1/2-1/2"]
[WhiteElo "2166"]
[BlackElo "2198"]
[PlyCount "92"]
[EventDate "2011.??.??"]

1. e4 e5 2. Nf3 Nc6 3. Bb5 a6 4. Bxc6 dxc6 5. d4 exd4 6. Qxd4 Qxd4 7. Nxd4 Bd7
8. Be3 O-O-O 9. Nd2 c5 10. Ne2 b6 11. O-O-O Ne7 12. Rhe1 Re8 13. h3 g6 14. Nf4
Bg7 15. c3 Ba4 16. b3 Bd7 17. Kc2 f5 18. f3 Rhf8 19. g4 fxe4 20. fxe4 Ng8 21.
Nd5 Nf6 22. Bg5 Nxd5 23. exd5 h5 24. gxh5 gxh5 25. h4 Bf5+ 26. Kb2 Bg4 27. Rc1
Be2 28. Kc2 Re5 29. Nc4 Bxc4 30. bxc4 Rf2+ 31. Kb3 Rf3 32. Rxe5 Bxe5 33. a4 Kd7
34. Bd2 Bf4 35. Bxf4 Rxf4 36. Rg1 Rg4 37. Rf1 Rxh4 38. Rf7+ Kd6 39. Rf6+ Kd7
40. Rf7+ Kd6 41. Rf6+ Ke7 42. Rc6 Kd7 43. a5 Rh1 44. Kb2 Rh2+ 45. Kb3 Rh1 46.
Kb2 Rh2+ 1/2-1/2

[Event "SR 1. liga zapad 2011/2012"]
[Site "?"]
[Date "2012.03.04"]
[Round "11.6"]
[White "Zahorsky, Robert"]
[Black "Kovac, Andrej"]
[Result "0-1"]
[WhiteElo "1996"]
[BlackElo "2154"]
[PlyCount "60"]
[EventDate "2011.??.??"]

1. d4 Nf6 2. c4 e6 3. Nf3 Bb4+ 4. Nc3 Bxc3+ 5. bxc3 c5 6. Qa4 Qc7 7. g3 O-O 8.
Bg2 d6 9. Nd2 Nbd7 10. O-O e5 11. e3 Re8 12. Bb2 Nf8 13. dxc5 dxc5 14. Ne4 N8d7
15. Rfd1 Nxe4 16. Bxe4 Nf6 17. Bd5 e4 18. Ba3 Bd7 19. Qb3 Rab8 20. Rd2 b6 21.
Qd1 Bg4 22. Qf1 Bf3 23. Qh3 Re5 24. Qh4 Bg4 25. h3 Rh5 26. Qxh5 Bxh5 27. g4 Bg6
28. Rad1 h5 29. g5 Nh7 30. h4 Qc8 0-1

[Event "SR 1. liga zapad 2012/2013"]
[Site "?"]
[Date "2012.10.20"]
[Round "1.1"]
[White "Drtina, Milan"]
[Black "Polacik, Igor"]
[Result "0-1"]
[WhiteElo "2202"]
[BlackElo "2172"]
[PlyCount "69"]
[EventDate "2012.??.??"]

1. e4 e5 2. Nf3 Nc6 3. Bb5 a6 4. Ba4 Nf6 5. O-O Be7 6. Re1 b5 7. Bb3 O-O 8. h3
d6 9. c3 Na5 10. Bc2 d5 11. exd5 e4 12. Ng5 h6 13. Nxe4 Nxd5 14. d4 f5 15. Nc5
Rf6 16. Nd2 Bxc5 17. dxc5 Bb7 18. Nf3 Qf8 19. c6 Bxc6 20. Ne5 Rd8 21. Nxc6 Rxc6
22. Qf3 Rf6 23. a4 b4 24. Re5 c6 25. cxb4 Qxb4 26. Qe2 Nb3 27. Bxb3 Qxb3 28.
Ra3 Qb4 29. Qxa6 Nf4 30. Rc3 Rg6 31. g3 Nxh3+ 32. Kg2 Qg4 33. Qc4+ Kh7 34. Qxg4
fxg4 35. f3 {èas} 0-1

[Event "SR 1. liga zapad 2012/2013"]
[Site "?"]
[Date "2012.10.20"]
[Round "1.1"]
[White "Hajek, Lukas"]
[Black "Lanc, Alois"]
[Result "0-1"]
[WhiteElo "2155"]
[BlackElo "2402"]
[PlyCount "68"]
[EventDate "2012.??.??"]

1. d4 f5 2. g3 Nf6 3. Bg2 g6 4. Nf3 Bg7 5. O-O O-O 6. b3 d6 7. Bb2 c6 8. Nbd2
Nbd7 9. Re1 d5 10. c4 e6 11. Qc2 Ne4 12. Rec1 Bh6 13. e3 Nxd2 14. Nxd2 Nf6 15.
b4 Bd7 16. a4 g5 17. f4 Ne4 18. Nxe4 fxe4 19. Qe2 Bg7 20. b5 Qf6 21. Ba3 Rf7
22. Qh5 gxf4 23. gxf4 Qd8 24. Bb4 Rf6 25. Qg5 Qe8 26. Kh1 Rg6 27. Qe7 Qc8 28.
Qh4 Bf6 29. Qh5 e5 30. Qd1 exf4 31. cxd5 f3 32. Bxf3 exf3 33. Qxf3 Bg4 34. Qe4
Qf5 0-1

[Event "SR 1. liga zapad 2012/2013"]
[Site "?"]
[Date "2012.10.20"]
[Round "1.1"]
[White "Karas, Marek"]
[Black "Puskar, Peter"]
[Result "1/2-1/2"]
[WhiteElo "1951"]
[BlackElo "2004"]
[PlyCount "67"]
[EventDate "2012.??.??"]

1. d4 Nf6 2. c4 g6 3. Nc3 Bg7 4. e4 d6 5. Nf3 O-O 6. Be2 e5 7. Be3 Nc6 8. d5
Ne7 9. Nd2 Ne8 10. b4 f5 11. f3 Nf6 12. c5 Nh5 13. Nc4 Nf4 14. O-O Bd7 15. Rc1
Nc8 16. cxd6 Nxd6 17. Nxd6 cxd6 18. Nb5 Bxb5 19. Bxb5 Bh6 20. Qd2 fxe4 21. fxe4
a6 22. Be2 Rc8 23. Bg4 Rxc1 24. Rxc1 Kh8 25. Rc8 Qg5 26. Rxf8+ Bxf8 27. Bc8 Qe7
28. Bxf4 exf4 29. Qxf4 Bg7 30. Be6 Bd4+ 31. Kf1 Kg7 32. Ke2 Qc7 33. Qd2 Qc4+
34. Kd1 1/2-1/2

[Event "SR 1. liga zapad 2012/2013"]
[Site "?"]
[Date "2012.10.20"]
[Round "1.1"]
[White "Krajnak, Robert"]
[Black "Lukac, Roman"]
[Result "1/2-1/2"]
[WhiteElo "2075"]
[BlackElo "2127"]
[PlyCount "142"]
[EventDate "2012.??.??"]

1. c4 e5 2. Nc3 Nf6 3. Nf3 Nc6 4. d3 Bc5 5. e3 Bb6 6. Be2 d5 7. cxd5 Nxd5 8.
O-O Be6 9. Bd2 Qe7 10. a3 f6 11. b4 Qf7 12. Qc2 O-O 13. Ne4 Rad8 14. Rfc1 Kh8
15. Rab1 Nce7 16. a4 c6 17. a5 Bc7 18. d4 exd4 19. Nxd4 Bc8 20. a6 f5 21. Ng5
Qf6 22. axb7 Bd7 23. Ngf3 Rb8 24. Nb3 Bb6 25. Nc5 Be8 26. Nd4 f4 27. Rf1 Qd6
28. Nde6 Bg6 29. Bd3 Rf6 30. Bxg6 Nxg6 31. e4 Nde7 32. e5 Nxe5 33. Ng5 Rg6 34.
Nce4 Qc7 35. Bc3 Rf8 36. Bxe5 Qxe5 37. Nf3 Qc7 38. Nc5 Nf5 39. b8=Q Qxb8 40.
Nd7 Qc8 41. Nxf8 Qxf8 42. Rbe1 Rf6 43. Re4 Nd6 44. Re2 Qc8 45. Rfe1 h6 46. Re7
Rf5 47. Nh4 Rg5 48. Ng6+ Kg8 49. Re8+ Qxe8 50. Rxe8+ Nxe8 51. Ne7+ Kf8 52. Nxc6
Nf6 53. Qd2 f3 54. Qd6+ Kg8 55. g3 Bxf2+ 56. Kf1 Bb6 57. Ne7+ Kf7 58. h4 Rg4
59. Nc6 Re4 60. Ne5+ Ke8 61. Nxf3 Re3 62. Kg2 Re2+ 63. Kh3 Ne4 64. Qc6+ Kf8 65.
g4 Re3 66. Qc8+ Kf7 67. Qf5+ Kg8 68. Kg2 Re2+ 69. Kh3 Re3 70. Kg2 Re2+ 71. Kh3
Re3 1/2-1/2

[Event "SR 1. liga zapad 2012/2013"]
[Site "?"]
[Date "2012.10.20"]
[Round "1.1"]
[White "Likavsky, Tomas"]
[Black "Schwarz, Dusan"]
[Result "1-0"]
[WhiteElo "2449"]
[BlackElo "2305"]
[PlyCount "87"]
[EventDate "2012.??.??"]

1. d4 d5 2. c4 c6 3. Nf3 Nf6 4. e3 e6 5. b3 c5 6. Bb2 cxd4 7. exd4 Be7 8. Bd3
O-O 9. O-O b6 10. Nc3 Bb7 11. Qe2 Nbd7 12. Rad1 Rc8 13. Ne5 dxc4 14. bxc4 Re8
15. Bc2 Qc7 16. Ba4 Red8 17. Nxd7 Nxd7 18. d5 Nf8 19. Bb3 Ba6 20. Nb5 Bxb5 21.
cxb5 exd5 22. Bxd5 Bd6 23. g3 Re8 24. Qf3 Ne6 25. Rfe1 Nc5 26. Kg2 Bf8 27. Be5
Qe7 28. Bxg7 Bxg7 29. Rxe7 Rxe7 30. Rd2 Rf8 31. Re2 Ne6 32. Bxe6 fxe6 33. Qc6
Bd4 34. f4 Rfe8 35. Kf3 Kg7 36. Ke4 Bc5 37. Rd2 Kf6 38. g4 Kf7 39. h4 Bb4 40.
Rd1 Bc5 41. g5 Rb8 42. h5 Rg8 43. Ke5 Ba3 44. Qc2 1-0

[Event "SR 1. liga zapad 2012/2013"]
[Site "?"]
[Date "2012.10.20"]
[Round "1.1"]
[White "Miklas, Marian"]
[Black "Orosi, Peter"]
[Result "1-0"]
[WhiteElo "2142"]
[BlackElo "2041"]
[PlyCount "81"]
[EventDate "2012.??.??"]

1. Nf3 Nf6 2. c4 c5 3. Nc3 g6 4. g3 Bg7 5. Bg2 O-O 6. O-O Nc6 7. d4 cxd4 8.
Nxd4 Nxd4 9. Qxd4 d6 10. Qd3 Rb8 11. Rb1 a6 12. Bd2 Bd7 13. a4 Re8 14. Rfc1 Ng4
15. b3 Qb6 16. Nd1 Ne5 17. Qc2 Nc6 18. Bc3 a5 19. Bxg7 Kxg7 20. Nc3 Nd4 21. Qb2
f6 22. e3 Ne6 23. Bh3 Nc5 24. Nd5 Qd8 25. Bxd7 Qxd7 26. Qd4 Qd8 27. Rd1 Qd7 28.
Nxf6 exf6 29. Qxc5 dxc5 30. Rxd7+ Kg8 31. Rbd1 b6 32. Kf1 h6 33. R1d6 Rf8 34.
Re6 Rf7 35. Rdd6 Kg7 36. Rxb6 Rxb6 37. Rxb6 g5 38. Rb5 Ra7 39. Rxc5 Kf7 40. Ke2
Ke7 41. Kd3 1-0

[Event "SR 1. liga zapad 2012/2013"]
[Site "?"]
[Date "2012.10.20"]
[Round "1.1"]
[White "Novak, Ivan"]
[Black "Banas, Jan"]
[Result "1/2-1/2"]
[WhiteElo "2193"]
[BlackElo "2275"]
[PlyCount "82"]
[EventDate "2012.??.??"]

1. e4 c5 2. c3 Nf6 3. e5 Nd5 4. Nf3 e6 5. Bc4 d6 6. d4 cxd4 7. cxd4 Nb6 8. Bb3
dxe5 9. Nxe5 Nc6 10. Nxc6 bxc6 11. O-O Bd6 12. Nd2 Qh4 13. Nf3 Qh5 14. Ne5 Qxd1
15. Rxd1 Bb7 16. Bf4 Ke7 17. Bg3 Rhd8 18. Rac1 Rac8 19. Bh4+ f6 20. Nd3 Ba6 21.
Nc5 Bxc5 22. Rxc5 Bb7 23. Re5 Nd5 24. Rde1 Rd6 25. Rh5 h6 26. Bg3 Rdd8 27. Rh4
Kf7 28. Rhe4 Re8 29. Bd6 Ba6 30. Bc2 f5 31. Rh4 Nb6 32. Rh3 Bc4 33. Ra3 Ra8 34.
b3 Bd5 35. Ra6 Nd7 36. Bd3 Nf6 37. f3 Red8 38. Bc5 Rd7 39. Rc1 g5 40. Kf2 h5
41. b4 h4 1/2-1/2

[Event "SR 1. liga zapad 2012/2013"]
[Site "?"]
[Date "2012.10.20"]
[Round "1.1"]
[White "Vass, Frantisek"]
[Black "Danada, Tomas"]
[Result "0-1"]
[WhiteElo "2292"]
[BlackElo "2098"]
[PlyCount "46"]
[EventDate "2012.??.??"]

1. d4 g6 2. h4 Nf6 3. Nd2 d5 4. e3 Bg7 5. Be2 h5 6. b3 c5 7. Bb2 cxd4 8. exd4
Nc6 9. Ngf3 Bf5 10. O-O O-O 11. c4 Ne4 12. Re1 e6 13. Nf1 Bg4 14. cxd5 exd5 15.
g3 Qd6 16. Kg2 Bh3+ 17. Kg1 f5 18. Bc1 f4 19. Bxf4 Rxf4 20. gxf4 Qxf4 21. Ne3
Nxd4 22. Rc1 Be5 23. Ng2 Qg4 0-1